US States by City - Medium - Statistics

General Stats
  • This quiz has been taken 173 times
  • The average score is 37 of 50
Answers on the Map
Answers color-coded by a green-red scale on the quiz's map according to % correct below.
 
Answer Stats
City State % Correct
Mobile Alabama
94%
Tallahassee Florida
94%
Dover Delaware
93%
Fairbanks Alaska
91%
Savannah Georgia
91%
Harrisburg Pennsylvania
91%
Atlantic City New Jersey
90%
Mesa Arizona
89%
Spokane Washington
89%
Jefferson City Missouri
87%
Toledo Ohio
87%
Eugene Oregon
86%
Ann Arbor Michigan
85%
Provo Utah
85%
Yonkers New York
84%
Myrtle Beach South Carolina
84%
Montpelier Vermont
84%
Chattanooga Tennessee
83%
Hilo Hawaii
81%
Shreveport Louisiana
81%
Plano Texas
79%
Casper Wyoming
78%
Gulfport Mississippi
76%
Worcester Massachusetts
75%
Manchester New Hampshire
75%
Fort Collins Colorado
73%
Pawtucket Rhode Island
72%
Rapid City South Dakota
72%
Bozeman Montana
71%
Rio Rancho New Mexico
70%
Asheville North Carolina
68%
Newport News Virginia
68%
Oshkosh Wisconsin
68%
Davenport Iowa
67%
Stamford Connecticut
66%
Evansville Indiana
64%
Broken Arrow Oklahoma
64%
Redding California
63%
Rockford Illinois
63%
Fort Smith Arkansas
61%
Grand Forks North Dakota
58%
Huntington West Virginia
58%
Meridian Idaho
56%
Lewiston Maine
56%
Olathe Kansas
54%
Rochester Minnesota
54%
Sparks Nevada
52%
Owensboro Kentucky
51%
Hagerstown Maryland
51%
Grand Island Nebraska
49%
No matching quizzes found
Score Distribution
Percent of People with Each Score
Percentile by Number Answered
Your Score History
You have not taken this quiz